LEADER 01123nam 2200337Ia 450 001 996383866603316 005 20221108084439.0 035 $a(CKB)1000000000587477 035 $a(EEBO)2248513795 035 $a(UnM)9928910100971 035 $a(UnM)99899403 035 $a(EXLCZ)991000000000587477 100 $a19980924d1689 uy | 101 0 $aeng 135 $aurbn#|||a|bb| 200 13$aAn abridgment of Christian doctrine$b[electronic resource] $ewith proofs of scripture for points controverted. Catechistically explained, by way of question and answer 205 $aThe fourteenth edition, with additions. 210 $aPrinted at Doway $c[s.n.$d1689] 215 $a[6], 290, 5, [3] p 300 $aBy Henry Turberville. 300 $aImprint from Wing. 300 $aReproduction of original in the Folger Shakespeare Library. 330 $aeebo-0055 700 $aTurberville$b Henry$fd. 1678.$0793399 801 0$bCu-RivES 801 1$bCu-RivES 801 2$bWaOLN 906 $aBOOK 912 $a996383866603316 996 $aAn abridgment of Christian doctrine$92327757 997 $aUNISA LEADER 02983nam 2200469 450 001 9910830924903321 005 20231005165902.0 010 $a3-433-60070-8 035 $a(CKB)3580000000001290 035 $a(NjHacI)993580000000001290 035 $a(EXLCZ)993580000000001290 100 $a20231005d2007 uy 0 101 0 $ager 135 $aur||||||||||| 181 $ctxt$2rdacontent 182 $cc$2rdamedia 183 $acr$2rdacarrier 200 00$aBeton Kalender 2008 $eKonstruktiver Wasserbau Erdbebensicheres Bauen /$fedited by Konrad Bergmeister, Johann-Dietrich Wo?rner 210 1$a[Place of publication not identified] :$cWiley?VCH Verlag GmbH & Co. KGaA,$d2007. 215 $a1 online resource (469 pages) 225 0 $aBeton-Kalender, 2009 311 $a3-433-01839-1 327 $aDauerhafter Konstruktionsbeton fu?r Wasserbauwerke / Peter Schießl, Christoph Gehlen, Christian Sodeikat, Till Felix Mayer, Angelika Schießl-Pecka -- Schutzbauwerke gegen Wildbachgefahren / Konrad Bergmeister, Ju?rgen Suda, Johannes Hu?bl, Florian Rudolf-Miklau -- Ku?stenschutz / Erik Pasche, Nicole von Lieberman -- LAU-Anlagen: Fugenabdichtung und Dichtkonstruktionen / Ullrich Kluge -- Erdbebensichere Auslegung von Bauwerken nach DIN 4149:2005 / Konstantin Meskouris, Christoph Butenweg -- Dynamische Modellbildung und Analyse von Tragwerken / Christian Bucher, Volkmar Zabel -- Konstruktion und Bemessung von Stahlbeton-Hochbauten nach EC8, Teil 1 / Gertraud Lappas, Eleni Lappa -- Progressiver Kollaps von Bauwerken / Uwe Starossek -- Sonderaspekte zur Schubbemessung nach DIN 1045-1 und EC 2 / Peter Mark, Friedhelm Stangenberg, Miche?l Bender, Veit Birtel, Thomas Zedler -- Ertu?chtigung von Seismisch Beanspruchten Betonbauwerken / Michael N Fardis -- Bemessung von Stahlbeton- und Spannbetonbauwerken unter Erdbebenbeanspruchung / Franz-Hermann Schlu?ter, Michael Baur, Hans Cu?ppers, Andreas Fa?cke, Slobodan Kasic, Cornelius Ruckenbrod -- Normen und Regelwerke / Frank Fingerloos -- Stichwortverzeichnis. 330 $aDeals with design and construction of underwater foundation structures and protection structures for coastal areas and inland waterways. This work covers seismic design, specifically dimensioning of reinforced and prestressed concrete structures according to DIN 4149 and Eurocode 8 and under dynamic loads. 517 $aBeton?Kalender 2008 517 $aBeton Kalender 2008 517 $aBeton-Kalender 2008 - Schwerpunkte 606 $aConcrete construction 606 $aReinforced concrete 606 $aEarthquake engineering 615 0$aConcrete construction. 615 0$aReinforced concrete. 615 0$aEarthquake engineering. 676 $a624.1834 702 $aBergmeister$b Konrad 702 $aWo?rner$b Johann-Dietrich 801 0$bNjHacI 801 1$bNjHacl 906 $aBOOK 912 $a9910830924903321 996 $aBeton Kalender 2008$94067291 997 $aUNINA